Normal view
MARC view
- الفواز، كليب سعود
Entry Personal Name
001 - CONTROL NUMBER
- control field: 14117
003 - CONTROL NUMBER IDENTIFIER
- control field: JO-AjAnu
005 - DATE AND TIME OF LATEST TRANSACTION
- control field: 20230606072545.0
008 - FIXED-LENGTH DATA ELEMENTS
- fixed length control field: 230606|| aca||aabn | a|a d
040 ## - CATALOGING SOURCE
- Original cataloging agency: JO-AjAnu
- Transcribing agency: JO-AjAnu
100 ## - HEADING--PERSONAL NAME
- Personal name: الفواز، كليب سعود
670 ## - SOURCE DATA FOUND
- Source citation: Work cat.: (JO-AjAnu)7257: الفواز، كليب سعود, author, المراسلات المتبادلة بين الشريف حسين والعثمانيين 1908-1918: دراسة تحليلية